Diseño de un reclarificador por flotación para jugo proveniente de los filtros de vacío para ser utilizados en ingenios azucareros
Enregistré dans:
| Auteur principal: | |
|---|---|
| Format: | Livre |
| Publié: |
San José, C.R
1996
|
| Sujets: | |
| Tags: |
Ajouter un tag
Pas de tags, Soyez le premier à ajouter un tag!
|
MARC
| LEADER | 00000nam a2200000Ia 4500 | ||
|---|---|---|---|
| 003 | 008158 | ||
| 005 | 20221231144232.0 | ||
| 008 | 140114s1996 cr a m 000 ||s d | ||
| 040 | |c cru CEDI | ||
| 090 | |a TFG 3625 | ||
| 100 | |a Zamora Cano, Alexánder Francisco |9 9531 | ||
| 245 | |a Diseño de un reclarificador por flotación para jugo proveniente de los filtros de vacío para ser utilizados en ingenios azucareros | ||
| 260 | |c 1996 |a San José, C.R | ||
| 300 | |a xvi, 214 hojas : ilustraciones | ||
| 500 | |a Proyecto de graduación (licenciatura en ingeniería química)--Universidad de Costa Rica. Facultad de Ingeniería. Escuela de Ingeniería Química | ||
| 650 | |x JUGO DE CAÑA DE AZUCAR - ANALISIS |x INDUSTRIA AZUCARERA - COSTA RICA |9 9532 | ||
| 942 | |c TFG | ||
| 999 | |c 18855 |d 18855 | ||
